El Dr. Josep Torras i Bages : bisbe de Vic / A. Griera bisbe de Vic / A. Griera
Publicado:
San Cugat del Vallés :
Instituto Internacional de Cultura Románica de la Excma. Diputación Provincial de Barcelona ,
1966
Descripción Física:
32 p. ; 25 cm
Colección:
Biblioteca filológica histórica ; 19
Materias:
Torras i Bages, Josep, -- 1846-1916
MARC
| LEADER | 00000nam a2200000Ia 4500 | ||
|---|---|---|---|
| 001 | 1672 | ||
| 008 | 160829s1966 xx 000 0 cat d | ||
| 080 | |a F-1-30 | ||
| 100 | 1 | |a Griera, A. |q (Antoni), |d 1887-1973 |9 36434 | |
| 245 | |a El Dr. Josep Torras i Bages : |b bisbe de Vic / A. Griera | ||
| 260 | |a San Cugat del Vallés : |b Instituto Internacional de Cultura Románica de la Excma. Diputación Provincial de Barcelona, |c 1966 | ||
| 300 | |a 32 p. ; |c 25 cm | ||
| 490 | |a Biblioteca filológica histórica ; 19 | ||
| 600 | 1 | 0 | |a Torras i Bages, Josep, |d 1846-1916 |9 28980 |
| 710 | 1 | |a Barcelona (Catalunya : Província). |b Diputació |9 52408 | |
| 710 | 2 | |a Instituto Internacional de Cultura Románica |9 54313 | |
| 901 | |a Arxiu | ||
| 942 | |n 1 | ||
| 952 | |0 0 |1 0 |4 0 |6 F130 |7 1 |9 43364 |a Arxiu |b Arxiu |d 2016-12-01 |l 0 |o F-1-30 |p 1672 |r 2016-12-01 00:00:00 |w 2016-12-01 |y ARXIU | ||
| 999 | |c 45909 |d 45909 | ||